Nuevas aportaciones a la museología mexicana /
Compilación de textos presentados en el Seminario de Investigación Museológica, espacio permanente de reflexión al rededor de los museos y el trabajo museográfico, en México y en el mundo. En el presente volumen se reflexiona sobre la relación entre contenido/museo, el papel del museo en la comunida...
Guardado en:
| Autor corporativo: | |
|---|---|
| Otros autores: | |
| Formato: | Procedimiento de la conferencia Libro |
| Idioma: | Español |
| Publicado: |
México :
UNAM, Dirección General de Divulgación de la Ciencia,
2014, c2014
|
| Temas: | |
| Etiquetas: |
Sin etiquetas, Sé el primero en etiquetar este registro!
|
MARC
| LEADER | 00000nam^a2200000^a^4500 | ||
|---|---|---|---|
| 001 | 000399068 | ||
| 005 | 20250521000000.0 | ||
| 009 | 20260310121542.565 | ||
| 020 | |a 978-607-02-5218-1 | ||
| 037 | |a Acervo ITESO - Biblioteca | ||
| 041 | |a ESP | ||
| 082 | |a 708. 972 |b SIM NUE | ||
| 111 | |a Seminario de Investigación Museológica ( |c UNAM) | ||
| 245 | 1 | 0 | |a Nuevas aportaciones a la museología mexicana / |c Coord. de L.F. Rico Mansard. |
| 264 | 4 | |a México : |b UNAM, Dirección General de Divulgación de la Ciencia, |c 2014, c2014 | |
| 300 | |a 286 p. | ||
| 336 | |a texto |b txt |2 rdacontenido | ||
| 337 | |a sin mediación |b n |2 rdamedio | ||
| 338 | |a volumen |b nc |2 rdasoporte | ||
| 520 | |a Compilación de textos presentados en el Seminario de Investigación Museológica, espacio permanente de reflexión al rededor de los museos y el trabajo museográfico, en México y en el mundo. En el presente volumen se reflexiona sobre la relación entre contenido/museo, el papel del museo en la comunidad y el trabajo museológico en función de los receptores; el análisis se centra en museos científicos, históricos y de arte de México, desde una perspectiva histórica y, también, desde la visión de los retos hacia el futuro. | ||
| 649 | |a XX | ||
| 650 | |a Coleccionismo - |z México - |x Historia - |y Epoca Colonial, 1517-1821 | ||
| 650 | |a Coleccionismo - |z México - |x Historia - |y Siglo XIX | ||
| 650 | |a Interacción Comunicativa | ||
| 650 | |a Comunicación Educativa | ||
| 650 | |a Historia Natural - |x Colecciones | ||
| 650 | |a Ciencia - |z México - |x Difusión | ||
| 650 | |a Museos y Educación - |z México | ||
| 650 | |a Museos Científicos y Tecnológicos - |z México - |x Colecciones | ||
| 650 | |a Museos Científicos y Tecnológicos - |z México - |x Historia | ||
| 650 | |a Museos Universitarios - |z México | ||
| 650 | |a Museos - |z México - |x Colecciones | ||
| 650 | |a Museos - |z México - |x Historia - |x Tema Principal | ||
| 650 | |a Museos - |x Administración | ||
| 650 | |a Museología - |z México - |x Tema Principal | ||
| 700 | |a Rico Mansard, Luisa Fernanda |e (coordinación) | ||
| 910 | |a Fondo General | ||
| 920 | |a Impresos - Libros | ||
| 930 | |a Colección General | ||
| 905 | |a 101 | ||
| 901 | |a 0500294350 |b IT1 |c ACC |i C145146 |u 20250521 | ||
| 902 | |a https://opac.biblio.iteso.mx/vufind/Record/000399068 | ||